Náklady na výskum a náklady na vývoj v účtovníctve podnikateľov od 1.1.1999

Účtová osnova a postupy účtovania pre podnikateľov platné od 1.1.1999 obsahujú aj zmeny v účtovaní nákladov na výskum a vývoj. Zmeny vyplývajú z ekonomickej praxe a tiež z uplatňovania Medzinárodného účtovného štandardu (IAS) č. 9 - Náklady na výskum a vývoj.

Gespeichert in:
Bibliographische Detailangaben
1. Verfasser: Polakovič, Karol
Format: Buchkapitel
Sprache:Slowakisch
Schlagworte:
Tags: Tag hinzufügen
Keine Tags, Fügen Sie das erste Tag hinzu!

MARC

LEADER 00000naa a2200000 4500
001 r034836
005 20231002071501.3
041 0 |a slo 
044 |a SK 
245 1 0 |a Náklady na výskum a náklady na vývoj v účtovníctve podnikateľov od 1.1.1999  |c Karol Polakovič 
520 |a Účtová osnova a postupy účtovania pre podnikateľov platné od 1.1.1999 obsahujú aj zmeny v účtovaní nákladov na výskum a vývoj. Zmeny vyplývajú z ekonomickej praxe a tiež z uplatňovania Medzinárodného účtovného štandardu (IAS) č. 9 - Náklady na výskum a vývoj. 
610 2 0 |a účtovanie 
610 2 0 |a účtovníctvo 
610 2 0 |a podnikatelia 
610 2 0 |a náklady 
610 2 0 |a účtovanie nákladov 
610 2 0 |a výskum 
610 2 0 |a vývoj 
610 2 0 |a štandardy 
610 2 0 |a IAS 
100 1 |a Polakovič, Karol